000 00454nam a2200145Ia 4500
008 100204s9999 xx 000 0 und d
082 _b11253
100 _aकर्निक हेमन
245 _aसुवर्णरेखा
260 _b"राहूल प्रकाशन , मुंबई 78"
_c1988
300 _a155
630 _aसुवर्णरेखा
730 _aसुवर्णरेखा
942 _cBOOK
999 _c455689
_d455686